000 00791nam a2200253Ia 4500
003 OSt
005 20220918170412.0
006 a|||||r|||| 00| 0
007 ta
008 220917b |||||||| |||| 00| 0 eng d
020 _a9780199674824 (hbk)
_c3573.5
024 _a280,706
037 _bIN560, 20/03/2014, Bharatiya Sahitya Bhavana
_cTextual
040 _aARTS
_cARTS
_beng
041 _2eng
_aeng
082 _aR3xM891:g, Q3
100 _aHacker P. M. S.
_928853
245 0 _aWittgenstein
_b Comarison and context
260 _aOxford
_bOxford University Press UK
_c2013
300 _axxvii, 250p.
_ccm.
650 _aPHILOSOPHY
942 _hR3xM891:g, Q3
_cTEXL
_2CC
999 _c133994
_d133994